000
00290nam a2200133Ia 4500
100
_a
Joshi/P.H.
650
_a
Production.
942
_c
BK
366
_f
10
245
_a
PRESS TOOLS : DESIGN AND CONST.
260
_b
S.Chand & Co.
_a
New Delhi.
082
_a
671.33/JOS
546
_a
ENGLISH
999
_c
30148
_d
30148